00267pam a2200121 a 4500020000500000041000800005082001300013100002100026245004800047260003000095300000800125653001200133 c aeng a000bWOR aWorld Book, Inc. aEyewitness Book : FossilhTextual Documents aChicagobWorld Book, Inc. a64. aGeneral